000 00681nam a2200253Ia 4500
003 OSt
005 20221007082322.0
006 a|||||r|||| 00| 0
007 ta
008 221006b |||||||| |||| 00| 0 eng d
024 _a27,380
037 _cTextual
040 _aFLL
_cFLL
_beng
041 _2eng
_aeng
082 _aZ61y7m:N34, H9
100 _aCoffey D.D.J. Co.
_9699008
110 _aMajesty's court of Eastern Africa
_9699009
245 0 _aLaw reports
260 _c1949
300 _avi,172p
_ccm.
700 _aMajesty's court of Eastern Africa
_9699010
942 _hZ61y7m:N34, H9
_cTEXL
_2CC
999 _c1166046
_d1166046